000
00298nam a22001337a 4500
008
170608b xxu||||| |||| 00| 0 eng d
020
_a
9780195336559
041
_a
eng
080
_a
32
100
_a
18
101
_a
SHP
245
_a
WORLD POLITICS IN A NEW ERA
_c
SPIEGEL, S.L
942
_2
udc
_c
BK
999
_c
16513
_d
16513